Hospital law /
Salvato in:
| Altri autori: | , , |
|---|---|
| Natura: | Libro |
| Pubblicazione: |
New York :
Springer-Verlag,
c1988.
|
| Serie: | Medicolegal library ;
|
| Soggetti: | |
| Tags: |
Aggiungi Tag
Nessun Tag, puoi essere il primo ad aggiungerne!!
|
MARC
| LEADER | 00000pam a2200000 a 4500 | ||
|---|---|---|---|
| 020 | |a 0387186425 |c TZS 1,450/= | ||
| 040 | |a MUL |b eng. |e 1 | ||
| 082 | 0 | 0 | |a 344.03211 CAR |
| 245 | 0 | 0 | |a Hospital law / |c A. Carmi, S. Schneider (eds.); with contributions by J. Adler, Zora E. |
| 260 | |a New York : |b Springer-Verlag, |c c1988. | ||
| 300 | |a ix, 220 p. : |b ill. ; |c 24 cm. | ||
| 440 | 0 | |a Medicolegal library ; | |
| 504 | |a Includes bibliographies and index. | ||
| 546 | |a eng. | ||
| 650 | 0 | |a Hospitals | |
| 650 | 0 | |a Tort liability of hospitals. | |
| 650 | 2 | |a Legislation, Hospital. | |
| 700 | 1 | |a Carmi, Amnon. | |
| 700 | 1 | |a Schneider, S. | |
| 700 | 1 | |a Adler, J. | |
| 942 | |c BK | ||
| 999 | |c 1594 |d 1594 | ||